00485nam a2200181Ia 4500999001500000003000400015005001700019008004100036040000900077082001800086100002700104245005500131250001200186260004100198300000900239650001300248942004200261 c8641d8641OSt20201007132851.0190216s9999||||xx |||||||||||||| ||und|| coclc a004.68bDOR/A aDortch, Michael 95395 0aThe ABC's Of Local Area Networks /cMichael Dortch a1st Ed. bBpb Publications,c1990.aNew Delhi: a212p aComputer cBK2ddch004.68iDOR/Ak004.68mDOR/A